00782nam a2200169Ia 4500008004100000020001800041082001700059100003100076245008100107260002300188300001000211500004200221650014400263952009400407952009400501999001700595120629s9999 xx 000 0 und d a968-24-5789-0 a370.11 R928v aRugarcía Torres, Armando aLos valores y las valoraciones en la educación / Armando Rugarcía Torres aMéxico : Trillas a136 p aBibliografía e índice analítico a1. EDUCACION-VALORACION \ 2. VALORES (FILOSOFIA) \ 3. VALORES ( FILOSOFIA) \ 4. OBJETIVOS EDUCATIVOS \ 5. SOCIOLOGIA DE LA EDUCACION Ì 00104070a15b15d2006-11-08l0o370.11 R928Vp15 001902r2017-12-07t1w2012-06-28yLB 00104070a15b15d2009-03-06l0o370.11 R928Vp15 003047r2017-12-07t2w2012-06-28yLB c75367d75367